000 00268nam a2200097Ia 4500
001 647193
005 20250826153657.0
008 250824s9999 xx 000 0 und d
245 0 _aOSMANLI GÜNLÜKLERİ 3 MUHTEŞEM SULTANLAR
_cSEVİNÇ KUŞOĞLU
260 _bGENÇ TİMAŞ
999 _c647193
_d647193